000 00659nam a2200253Ia 4500
003 OSt
005 20221007065641.0
006 a|||||r|||| 00| 0
007 ta
008 221006b |||||||| |||| 00| 0 eng d
024 _a9,480
037 _cReference Collections
040 _aFLL
_cFLL
_beng
041 _2eng
_aeng
082 _aW:5, P1
100 _aAnand V.K. Au.
_9687066
245 0 _aHuman rights
250 _a1st
260 _aFaridabad
_bAllahabad law agency India
_c2001
300 _axii,264p
_ccm.
650 _aHuman rights
942 _hW:5, P1
_cREF
_2CC
999 _c1137925
_d1137925